Представление документа в формате RUSMARC

ПолеНазваниеЗначение
  Тип записи a
  Библиографический уровень m
001 Контрольный номер 7cf661417e57425fb5a6fae6b4f9a642
005 Дата корректировки 20140611142050.3
010 Индекс ISBN __
a ISBN 1607-5102
200 Заглавие и сведения об ответственности 1_
a Заглавие Документальное оформление торговых операций
f Первые сведения об ответственности Абрамова Наталия Витальевна
205 Сведения об издании __
b Дополнительные сведения об издании 2-е изд.,перераб.и доп.
210 Выходные данные 1_
a Место издания М.
c Издательство Бератор-Пресс
d Дата издания 2003
215 Физическое описание __
a Объем 123 с.
610 Ключевые слова 0_
a Ключевые слова бухгалтерская отчетность
610 Ключевые слова 0_
a Ключевые слова бухгалтерские документы
610 Ключевые слова 0_
a Ключевые слова бухгалтерский учет в торговле
610 Ключевые слова 0_
a Ключевые слова документооборот
610 Ключевые слова 0_
a Ключевые слова документы
610 Ключевые слова 0_
a Ключевые слова торговля
610 Ключевые слова 0_
a Ключевые слова учет торговых операций
610 Ключевые слова 0_
a Ключевые слова контрольно-кассовые машины
610 Ключевые слова 0_
a Ключевые слова приход
610 Ключевые слова 0_
a Ключевые слова расход
610 Ключевые слова 0_
a Ключевые слова первичные документы
610 Ключевые слова 0_
a Ключевые слова торговые операции
686 Индексы других классификаций __
a Классификационный индекс 65.052.9(2)242
2 Код системы rubbk
700 Автор _1
a Фамилия Абрамова Наталия Витальевна
801 Источник записи _0
a Страна RU
b Организация РУК
c Дата составления 20030624
g Правила каталогизации PSBO
801 Источник записи _1
a Страна RU
b Организация РУК
c Дата составления 20030624
g Правила каталогизации PSBO
852 Данные о местонахождении __
i Авторский знак А16
j Шифр хранения ББК 65.052
901 Тип документа __
t Тип документа m
938 Служебная информация __
a Название организации Головной вуз
b Имя БД BOOK
c Название АИБС АИБС ИРБИС